中国城市轨道交通县级行政区 - Statistics

General Stats
  • This quiz has been taken 74 times
    8 since last reset
  • The average score is 284 of 347
Answer Stats
提示 答案 % Correct
北京市 东城区
100%
北京市 西城区
100%
北京市 | 长春市 朝阳区
100%
北京市 海淀区
100%
北京市 丰台区
100%
北京市 石景山区
100%
北京市 门头沟区
100%
北京市 昌平区
100%
北京市 顺义区
100%
北京市 | 南通市 通州区
100%
北京市 大兴区
100%
北京市 房山区
100%
天津市 | 沈阳市 和平区
100%
天津市 河东区
100%
天津市 河西区
100%
天津市 河北区
100%
天津市 南开区
100%
天津市 滨海新区
100%
上海市 黄浦区
100%
上海市 静安区
100%
上海市 徐汇区
100%
上海市 长宁区
100%
上海市 普陀区
100%
上海市 虹口区
100%
上海市 杨浦区
100%
上海市 浦东新区
100%
上海市 宝山区
100%
上海市 闵行区
100%
上海市 奉贤区
100%
上海市 松江区
100%
上海市 青浦区
100%
上海市 嘉定区
100%
苏州市 姑苏区
100%
苏州市 相城区
100%
常州市 新北区
100%
常州市 武进区
100%
南京市 | 徐州市 | 福州市 鼓楼区
100%
南京市 秦淮区
100%
南京市 建邺区
100%
南京市 雨花台区
100%
南京市 江宁区
100%
南京市 浦口区
100%
南京市 六合区
100%
杭州市 上城区
100%
南昌市 | 杭州市 西湖区
100%
杭州市 临平区
100%
嘉兴市 海宁市
100%
宁波市 鄞州区
100%
金华市 义乌市
100%
合肥市 包河区
100%
合肥市 蜀山区
100%
济南市 市中区
100%
济南市 历下区
100%
济南市 历城区
100%
青岛市 市北区
100%
青岛市 市南区
100%
青岛市 城阳区
100%
青岛市 黄岛区
100%
青岛市 胶州市
100%
厦门市 思明区
100%
南昌市 东湖区
100%
南昌市 南昌县
100%
郑州市 二七区
100%
武汉市 东西湖区
100%
长沙市 雨花区
100%
广州市 越秀区
100%
广州市 荔湾区
100%
广州市 天河区
100%
广州市 海珠区
100%
广州市 | 贵阳市 白云区
100%
广州市 黄埔区
100%
广州市 番禺区
100%
广州市 南沙区
100%
广州市 花都区
100%
广州市 从化区
100%
广州市 增城区
100%
佛山市 禅城区
100%
佛山市 南海区
100%
佛山市 顺德区
100%
东莞市 东莞市
100%
深圳市 罗湖区
100%
深圳市 福田区
100%
深圳市 南山区
100%
深圳市 盐田区
100%
深圳市 宝安区
100%
深圳市 龙华区
100%
深圳市 光明区
100%
深圳市 龙岗区
100%
深圳市 坪山区
100%
香港特别 行政区 北区
100%
香港特别行政区 荃湾区
100%
香港特别行政区 南区
100%
香港特别行政区 东区
100%
珠海市 香洲区
100%
重庆市 渝中区
100%
重庆市 大渡口区
100%
成都市 金牛区
100%
成都市 青羊区
100%
成都市 锦江区
100%
成都市 武侯区
100%
成都市 龙泉驿区
100%
成都市 双流区
100%
成都市 简阳市
100%
西安市 未央区
100%
台北市 台北市
100%
新北市 新北市
100%
桃园市 桃园市
100%
台中市 台中市
100%
高雄市 高雄市
100%
天津市 红桥区
86%
天津市 东丽区
86%
天津市 西青区
86%
天津市 北辰区
86%
天津市 静海区
86%
石家庄市 裕华区
86%
石家庄市 | 西安市 长安区
86%
太原市 尖草坪区
86%
太原市 迎泽区
86%
太原市 小店区
86%
呼和浩特市 | 西安市 新城区
86%
大连市 中山区
86%
大连市 甘井子区
86%
大连市 旅顺口区
86%
大连市 金州区
86%
大连市 普兰店区
86%
哈尔滨市 道里区
86%
哈尔滨市 道外区
86%
苏州市 虎丘区
86%
苏州市 吴中区
86%
苏州市 吴江区
86%
苏州市 昆山市
86%
无锡市 梁溪区
86%
南京市 玄武区
86%
南京市 栖霞区
86%
南京市 溧水区
86%
南京市 高淳区
86%
镇江市 句容市
86%
徐州市 云龙区
86%
杭州市 拱墅区
86%
杭州市 余杭区
86%
杭州市 滨江区
86%
杭州市 萧山区
86%
杭州市 钱塘区
86%
宁波市 奉化区
86%
金华市 东阳市
86%
台州市 路桥区
86%
台州市 温岭市
86%
温州市 龙湾区
86%
温州市 瑞安市
86%
合肥市 肥西县
86%
合肥市 肥东县
86%
芜湖市 鸠江区
86%
青岛市 李沧区
86%
青岛市 崂山区
86%
青岛市 即墨区
86%
厦门市 集美区
86%
厦门市 翔安区
86%
南昌市 红谷滩区
86%
郑州市 金水区
86%
郑州市 管城回族区
86%
郑州市 惠济区
86%
郑州市 新郑市
86%
郑州市 中牟县
86%
武汉市 武昌区
86%
武汉市 黄陂区
86%
长沙市 天心区
86%
长沙市 开福区
86%
长沙市 岳麓区
86%
长沙市 望城区
86%
长沙市 长沙县
86%
湘西土家族 苗族 自治州 凤凰县
86%
清远市 清城区
86%
香港特别行政区 沙田区
86%
香港特别行政区 西贡区
86%
香港特别行政区 观塘区
86%
香港特别行政区 黄大仙区
86%
香港特别行政区 油尖旺区
86%
香港特别行政区 屯门区
86%
香港特别行政区 离岛区
86%
香港特别行政区 中西区
86%
南宁市 青秀区
86%
南宁市 西乡塘区
86%
重庆市 沙坪坝区
86%
重庆市 九龙坡区
86%
重庆市 两江新区
86%
重庆市 北碚区
86%
成都市 成华区
86%
成都市 新都区
86%
成都市 郫都区
86%
成都市 新津区
86%
西安市 碑林区
86%
西安市 雁塔区
86%
廊坊市 广阳区
71%
天津市 津南区
71%
石家庄市 新华区
71%
石家庄市 桥西区
71%
石家庄市 藁城区
71%
石家庄市 正定县
71%
呼和浩特市 赛罕区
71%
沈阳市 铁西区
71%
沈阳市 浑南区
71%
大连市 西岗区
71%
大连市 沙河口区
71%
长春市 宽城区
71%
哈尔滨市 南岗区
71%
哈尔滨市 松北区
71%
哈尔滨市 呼兰区
71%
无锡市 滨湖区
71%
无锡市 新吴区
71%
无锡市 锡山区
71%
无锡市 惠山区
71%
无锡市 江阴市
71%
常州市 天宁区
71%
常州市 钟楼区
71%
南通市 崇川区
71%
徐州市 泉山区
71%
徐州市 铜山区
71%
徐州市 贾汪区
71%
杭州市 临安区
71%
杭州市 富阳区
71%
绍兴市 越城区
71%
绍兴市 柯桥区
71%
宁波市 海曙区
71%
宁波市 江北区
71%
宁波市 镇海区
71%
宁波市 北仑区
71%
金华市 婺城区
71%
金华市 金东区
71%
台州市 椒江区
71%
温州市 鹿城区
71%
温州市 瓯海区
71%
温州市 洞头区
71%
温州市 乐清市
71%
合肥市 瑶海区
71%
合肥市 庐阳区
71%
芜湖市 弋江区
71%
滁州市 琅琊区
71%
济南市 槐荫区
71%
济南市 天桥区
71%
济南市 长清区
71%
福州市 仓山区
71%
福州市 长乐区
71%
厦门市 湖里区
71%
南昌市 青山湖区
71%
南昌市 青云谱区
71%
南昌市 新建区
71%
郑州市 中原区
71%
郑州市 荥阳市
71%
武汉市 硚口区
71%
武汉市 江汉区
71%
武汉市 洪山区
71%
武汉市 青山区
71%
武汉市 汉阳区
71%
武汉市 蔡甸区
71%
武汉市 江夏区
71%
武汉市 新洲区
71%
长沙市 芙蓉区
71%
湘潭市 雨湖区
71%
香港特别行政区 大埔区
71%
香港特别行政区 九龙城区
71%
香港特别行政区 深水埗区
71%
香港特别行政区 葵青区
71%
香港特别行政区 元朗区
71%
香港特别行政区 湾仔区
71%
澳门特别行政区 嘉模堂区
71%
南宁市 兴宁区
71%
南宁市 江南区
71%
南宁市 良庆区
71%
南宁市 邕宁区
71%
重庆市 南岸区
71%
重庆市 巴南区
71%
重庆市 璧山区
71%
重庆市 江津区
71%
重庆市 铜梁区
71%
成都市 温江区
71%
资阳市 雁江区
71%
贵阳市 云岩区
71%
昆明市 五华区
71%
昆明市 西山区
71%
昆明市 官渡区
71%
昆明市 呈贡区
71%
西安市 莲湖区
71%
西安市 灞桥区
71%
西安市 临潼区
71%
兰州市 城关区
71%
乌鲁木齐市 天山区
71%
太原市 杏花岭区
57%
太原市 万柏林区
57%
呼和浩特市 玉泉区
57%
呼和浩特市 回民区
57%
呼和浩特市 土默特左旗
57%
沈阳市 沈河区
57%
沈阳市 大东区
57%
沈阳市 皇姑区
57%
沈阳市 于洪区
57%
沈阳市 沈北新区
57%
沈阳市 苏家屯区
57%
长春市 二道区
57%
长春市 南关区
57%
长春市 绿园区
57%
哈尔滨市 香坊区
57%
哈尔滨市 平房区
57%
合肥市 长丰县
57%
福州市 晋安区
57%
福州市 闽侯县
57%
厦门市 海沧区
57%
许昌市 长葛市
57%
许昌市 建安区
57%
洛阳市 涧西区
57%
洛阳市 西工区
57%
洛阳市 瀍河回族区
57%
洛阳市 洛龙区
57%
武汉市 江岸区
57%
武汉市 汉南区
57%
鄂州市 华容区
57%
澳门特别行政区 风顺堂区
57%
澳门特别行政区 圣方济各堂区
57%
贵阳市 南明区
57%
贵阳市 乌当区
57%
贵阳市 花溪区
57%
贵阳市 观山湖区
57%
贵阳市 清镇市
57%
昆明市 盘龙区
57%
西安市 高陵区
57%
兰州市 安宁区
57%
乌鲁木齐市 沙依巴克区
57%
芜湖市 镜湖区
43%
滁州市 南谯区
43%
滁州市 来安县
43%
福州市 台江区
43%
洛阳市 老城区
43%
澳门特别行政区 路氹填海区
43%
咸阳市 渭城区
43%
咸阳市 秦都区
43%
兰州市 七里河区
43%
兰州市 西固区
43%
乌鲁木齐市 水磨沟区
43%
乌鲁木齐市 新市区
43%
No matching quizzes found
Score Distribution
Percent of People with Each Score
Percentile by Number Answered
Your Score History
You have not taken this quiz since the last reset